| 000 | 00810nam a2200277 a 4500 | ||
|---|---|---|---|
| 001 | 000044489 | ||
| 003 | DO-SdBNP | ||
| 005 | 20240520095541.0 | ||
| 007 | 000044489 | ||
| 008 | 140703s2007 dr a 000 0 spa d | ||
| 020 | _a9789945160888 | ||
| 040 |
_aBPMSU _bspa _cBPMSU |
||
| 082 |
_aRD863.44 _bP573r 2007 _222 |
||
| 100 | 1 | _aPhipps, Miguel | |
| 245 | 1 | 3 |
_a El regalo más bello / _cMiguel Phipps ; ilustraciones Ohanda Coste |
| 260 |
_aSanto Domingo : _bEditora de Colores, _c2007 |
||
| 300 |
_a20 p. : _bil., ; _c28 cm. |
||
| 490 | 0 |
_aInfantil Phipps, _v1 |
|
| 590 | _aInventariado, 2024/VM | ||
| 650 | 4 | _aCuentos infantiles dominicanos | |
| 650 | 4 | _aLibros infantiles ilustrados | |
| 700 | 1 |
_aCoste, Ohanda _eil. |
|
| 910 | _aVMateo V. Control de calidad. BPMSU | ||
| 942 |
_2ddc _cBK |
||
| 956 | _a | ||
| 999 |
_c14644 _d14644 |
||